| 000 | 01402nam0a2200349 4500 | ||
|---|---|---|---|
| 001 | RU\NLR\bibl\872134 | ||
| 005 | 20250614162347.0 | ||
| 010 |
_z5-901726-10-5 (в пер.) _925000 |
||
| 021 |
_aRU _b2005-44977 _92214 |
||
| 035 | _a(nilc)RSL-KNO-002685283 | ||
| 035 | _a(NLR Aleph) 000860748 | ||
| 090 |
_a1538297 _c1538297 |
||
| 100 | _a20050711d2005 |||y0rusy50 ca | ||
| 101 | 0 | _arus | |
| 102 | _aRU | ||
| 105 | _aa ||||||||| | ||
| 106 | _ar | ||
| 200 | 1 |
_aТунисское вязание _eтехника, узоры, модели _fТ. П. Абизяева |
|
| 210 |
_aМ. _cМода и рукоделие _d2005 _gОАО Яросл. полигр. комб. |
||
| 215 |
_a61 с. _cцв. ил. _d26 |
||
| 606 | 1 |
_aВязание крючком _92079518 _3RU\NLR\auth\661255404 |
|
| 610 | 0 | _aПроизводства легкой промышленности -- Швейное производство -- Рукоделие -- Ручное вязание - Вязание крючком -- Популярные издания | |
| 610 | 0 | _aтунисское вязание | |
| 686 |
_aМ483я9 _2rubbk |
||
| 686 | _aМ483 | ||
| 700 | 1 |
_aАбизяева _bТ. П. _gТамара Павловна _4070 |
|
| 801 | 0 |
_aRU _bRuMoRKP _c20050711 _grcr |
|
| 801 | 1 |
_aRU _bRuMoRGB _c20050711 |
|
| 801 | 2 |
_aRU _bNLR _c20051115 _grcr |
|
| 942 | _cBOOK | ||
| 980 | _aNB | ||